| 000 | 00844cam a22002291 4500 | ||
|---|---|---|---|
| 001 | sa 68010501 | ||
| 003 | DLC | ||
| 005 | 20260227112552.0 | ||
| 008 | 750521s1967 xx 000 0 eng | ||
| 010 | _asa 68010501 | ||
| 035 | _a(OCoLC)1348478 | ||
| 040 |
_aDLC _cNSyU _dDLC |
||
| 042 | _apremarc | ||
| 050 | 0 | 0 |
_aJQ620.M265 _bA52 |
| 082 | _a328.54/792/05 | ||
| 110 | 1 |
_aMaharashtra (India). _bLegislature. _bLegislative Council. |
|
| 245 | 1 | 0 |
_aDirections by the Chairman, Maharashtra Legislative Council, _bunder the Maharashtra Legislative Council rules. |
| 260 |
_aBombay, _bDirector, Govt.Print. and Stationery, Maharashtra State _c[1967] |
||
| 300 |
_a19p. _bforms. _c21cm. |
||
| 500 | _aAt head of title: Maharashtra Legislature Secretariat. | ||
| 610 | 1 | 0 |
_aMaharashtra (India). _bLegislature. _bLegislative Council _xRules and practice. |
| 999 |
_c83416 _d83416 |
||